<?xml version="1.0" encoding="UTF-8"?>
<record
    xmlns:xsi="http://www.w3.org/2001/XMLSchema-instance"
    xsi:schemaLocation="http://www.loc.gov/MARC21/slim http://www.loc.gov/standards/marcxml/schema/MARC21slim.xsd"
    xmlns="http://www.loc.gov/MARC21/slim">

  <leader>01059    a2200241   4500</leader>
  <controlfield tag="005">20081106143759.0</controlfield>
  <controlfield tag="008">081106t        xxu||||| |||| 00| 0 eng d</controlfield>
  <datafield tag="010" ind1=" " ind2=" ">
    <subfield code="a">UR-7423</subfield>
  </datafield>
  <datafield tag="020" ind1=" " ind2=" ">
    <subfield code="a">8171601401</subfield>
    <subfield code="c">100.00</subfield>
  </datafield>
  <datafield tag="035" ind1=" " ind2=" ">
    <subfield code="a">U-5978</subfield>
  </datafield>
  <datafield tag="037" ind1=" " ind2=" ">
    <subfield code="b">D.B.Act / Pub</subfield>
  </datafield>
  <datafield tag="082" ind1=" " ind2=" ">
    <subfield code="a">840.92</subfield>
  </datafield>
  <datafield tag="245" ind1=" " ind2=" ">
    <subfield code="a">&#x627;&#x631;&#x62F;&#x648; &#x6A9;&#x6D2; &#x645;&#x646;&#x62A;&#x62E;&#x628; &#x62E;&#x627;&#x6A9;&#x6D2;</subfield>
    <subfield code="b">&#x645;&#x631; &#x62A;&#x628;&#x6C1; &#x64A;&#x648; &#x633;&#x641; &#x646;&#x627; &#x638;&#x645;</subfield>
    <subfield code="c">&#x645;&#x631; &#x62A;&#x628;&#x6C1; &#x64A;&#x648; &#x633;&#x641; &#x646;&#x627;&#x638;&#x645;</subfield>
  </datafield>
  <datafield tag="246" ind1=" " ind2=" ">
    <subfield code="a">Urdu ke Muntakhib  Khake</subfield>
    <subfield code="b">edited by Yusuf Nazim</subfield>
  </datafield>
  <datafield tag="260" ind1=" " ind2=" ">
    <subfield code="a">&#x646;&#x626; &#x62F;&#x6BE;&#x644;&#x6CC;</subfield>
    <subfield code="b">&#x627;&#x646;&#x62C;&#x645;&#x646; &#x62A;&#x631; &#x642;&#x6CC; &#x627;&#x631;&#x62F;&#x648; &#x6C1;&#x646;&#x62F;</subfield>
    <subfield code="c">2007</subfield>
  </datafield>
  <datafield tag="270" ind1=" " ind2=" ">
    <subfield code="a">Urdu Ghar,212,Rous Avenue,</subfield>
    <subfield code="b">&#x646;&#x626; &#x62F;&#x6BE;&#x644;&#x6CC;</subfield>
    <subfield code="e">110002</subfield>
    <subfield code="k">23236299</subfield>
    <subfield code="l">23239547</subfield>
    <subfield code="m">urduadabndli@bol.net.in,anjuman.urdughar@gmail.com</subfield>
  </datafield>
  <datafield tag="300" ind1=" " ind2=" ">
    <subfield code="a">192p</subfield>
    <subfield code="c">22cm (Pbk)</subfield>
  </datafield>
  <datafield tag="650" ind1=" " ind2=" ">
    <subfield code="a">Literature</subfield>
  </datafield>
  <datafield tag="650" ind1=" " ind2=" ">
    <subfield code="a">&#x627;&#x631;&#x62F;&#x648; &#x644;&#x679;&#x631; &#x64A;&#x686;&#x631;</subfield>
  </datafield>
  <datafield tag="700" ind1=" " ind2=" ">
    <subfield code="a">&#x645;&#x631;&#x62A;&#x628;&#x6C1; &#x64A;&#x648; &#x633;&#x641; &#x646;&#x627; &#x638;&#x645;</subfield>
  </datafield>
  <datafield tag="942" ind1=" " ind2=" ">
    <subfield code="a">dpl</subfield>
    <subfield code="c">UR</subfield>
    <subfield code="k">/&#x62F;</subfield>
    <subfield code="2">ddc</subfield>
    <subfield code="h">840.92</subfield>
    <subfield code="m">&#x627; &#x631;  &#x62F; </subfield>
  </datafield>
  <datafield tag="999" ind1=" " ind2=" ">
    <subfield code="c">7147</subfield>
    <subfield code="d">7147</subfield>
  </datafield>
  <datafield tag="952" ind1=" " ind2=" ">
    <subfield code="0">0</subfield>
    <subfield code="1">0</subfield>
    <subfield code="2">ddc</subfield>
    <subfield code="4">0</subfield>
    <subfield code="7">1</subfield>
    <subfield code="8">NFIC</subfield>
    <subfield code="a">DBAD</subfield>
    <subfield code="b">DBAD</subfield>
    <subfield code="d">2008-11-06</subfield>
    <subfield code="g">100.00</subfield>
    <subfield code="l">0</subfield>
    <subfield code="o">840.92 &#x627; &#x631;  &#x62F;</subfield>
    <subfield code="p">U-5978</subfield>
    <subfield code="r">2008-09-15 00:00:00</subfield>
    <subfield code="t">1</subfield>
    <subfield code="u">7952</subfield>
    <subfield code="v">100.00</subfield>
    <subfield code="w">2008-09-15</subfield>
    <subfield code="y">UR</subfield>
  </datafield>
</record>
